000 00354nam a2200133Ia 4500
005 20251222143131.0
008 251222s9999||||xx |||||||||||||| ||spa||
020 _a978-84-8451-035-2
082 _a372.87/L98
100 _aLumbreras Echezarreta, María Isabel
245 0 _aEnseñanza Musical en la Escuela Primaria:
264 _bNorma
942 _cLIB
999 _c11922
_d11922